ბათუმის შოთა რუსთაველის სახელმწიფო უნივერსიტეტის ბიბლიოთეკა

ბუნებრივი კატასტროფების რისკის შემცირების სწავლება ინტერაქტიული მეთოდებით : (ბიბ.ჩანაწერი № 53532)

000 -ლიდერი
ფიქსირებული სიგრძის საკონტროლო ველი 01877nam a2200277Ia 4500
001 - საკონტროლო ნომერი
საკონტროლო ველი 20578
003 - საკონტროლო ნომრის იდენტიფიკატორი
საკონტროლო ველი GE_BSU
005 - ბოლო ოპერაციის თარიღი და დრო
საკონტროლო ველი 20210223234908.0
008 - ფიქსირებული სიგრძის მონაცემთა ელემენტები - ზოგადი ინფორმაცია
ფიქსირებული სიგრძის საკონტროლო ველი 181216s2015||||ge |||||||||||||| ||geo||
020 ## - წიგნის საერთაშორისო სტანდარტული ნომერი
International Standard Book Number 9789941034404
040 ## - კატალოგიზაციის წყარო
Transcribing agency GE_BSU
041 ## - ენის კოდი
Language code of text/sound track or separate title geo
080 ## - უნივერსალური ათობითი კლასიფიკაციის ინდექსი
Universal Decimal Classification number 504.4 +371.315.7 ბ-96
245 ## - ცნობა სათაურის შესახებ
Title ბუნებრივი კატასტროფების რისკის შემცირების სწავლება ინტერაქტიული მეთოდებით :
Remainder of title დამრიგებლის წიგნი (მე-5-9 კლასები) /
Statement of responsibility, etc მანანა რატიანი, ანასტასია ქიტიაშვილი, ნინო ლაბარტყავა და სხვ. ; რედ. მაია მელიქიძე.
264 ## - წარმოების, გამოცემის, დისტრიბუციის და სხვა ცნობები
გამოცემის, წარმოების, დისტრიბუციის... ადგილი თბილისი :
გამოცემის, წარმოების, დისტრიბუციის... სახელწოდება საქ. განათ. და მეცნ. სამინისტრო,
გამოცემის, წარმოების, დისტრიბუციის... თარიღი 2015.
300 ## - ფიზიკური აღწერა
Extent 111 გვ. :
Other physical details ილ. ;
Dimensions 30 მ.
653 ## - INDEX TERM--UNCONTROLLED
Uncontrolled term ბუნებრივი კატასტროფების რისკის შემცირების სწავლება ინტერაქტიული მეთოდებით
653 ## - INDEX TERM--UNCONTROLLED
Uncontrolled term პრევენციული ღონისძიებები
653 ## - INDEX TERM--UNCONTROLLED
Uncontrolled term ქცევის წესები კატასტროფის დროს
700 ## - ADDED ENTRY--PERSONAL NAME
Personal name რატიანი, მანანა
Relator term ავტორი
9 (RLIN) 10209
700 ## - ADDED ENTRY--PERSONAL NAME
Personal name ქიტიაშვილი, ანასტასია
Relator term ავტორი
9 (RLIN) 2706
700 ## - ADDED ENTRY--PERSONAL NAME
Personal name ლაბარტყავა, ნინო
Relator term ავტორი
9 (RLIN) 2707
700 ## - ADDED ENTRY--PERSONAL NAME
Dates associated with a name მელიქიძე, მაია
Relator term რედაქტორი
9 (RLIN) 2712
942 ## - ADDED ENTRY ELEMENTS (KOHA)
Koha item type წიგნი
Source of classification or shelving scheme
ეგზემპლარები
ჩამოწერის სტატუსი დაკარგული ეგზემპლარის სტატუსი კლასიფიკაციის წყარო ან თაროზე გაწყობის სქემა დაზიანების სტატუსი არ გაიცემა მუდმივი მდებარეობა (დაცვის ადგილი) ამჟამინდელი ადგილსამყოფელი თაროზე განთავსების ადგილი შეძენის თარიღი ღირებულება, შესყიდვის ნორმალური ფასი სრული შენახვის შიფრი შტრიხკოდი ბოლო ოპერაციის თარიღი ეგზემპლარის მიმდევრობითი ნომერი (კეტერი?) ფასის ძალაში შესვლის თარიღი ეგზემპლარის სახეობა საჯარო შენიშვნა
          ბათუმის შოთა რუსთაველის სახელმწიფო უნივერსიტეტის მთავარი ბიბლიოთეკა ბათუმის შოთა რუსთაველის სახელმწიფო უნივერსიტეტის მთავარი ბიბლიოთეკა წიგნსაცავი 2018-12-17 38.50 504.4 +371.315.7 ბ-96 53873 2018-12-17 53873 2018-12-17 წიგნი 38.50 ლ.
          ბათუმის შოთა რუსთაველის სახელმწიფო უნივერსიტეტის მთავარი ბიბლიოთეკა ბათუმის შოთა რუსთაველის სახელმწიფო უნივერსიტეტის მთავარი ბიბლიოთეკა წიგნსაცავი 2018-12-17 38.50 504.4 +371.315.7 ბ-96 53874 2018-12-17 53874 2018-12-17 წიგნი 38.50 ლ.
          ბათუმის შოთა რუსთაველის სახელმწიფო უნივერსიტეტის მთავარი ბიბლიოთეკა ბათუმის შოთა რუსთაველის სახელმწიფო უნივერსიტეტის მთავარი ბიბლიოთეკა წიგნსაცავი 2018-12-17 38.50 504.4 +371.315.7 ბ-96 53875 2018-12-17 53875 2018-12-17 წიგნი 38.50 ლ.